[Event "Mukachevo Rating 29th"]
[Site "Mukachevo"]
[Date "2016.02.03"]
[Round "1"]
[White "Pribek, Tiberiy"]
[Black "Prokopchuk, Anatoly N"]
[Result "0-1"]
[WhiteElo "1568"]
[BlackElo "1927"]
[PlyCount "52"]
[EventDate "2016.02.03"]
[EventType "swiss"]
[EventRounds "9"]
[EventCountry "UKR"]
[SourceTitle "CBM 170 Extra"]
[Source "ChessBase"]
[SourceDate "2016.02.25"]
[SourceVersion "1"]
[SourceVersionDate "2016.02.25"]
[SourceQuality "1"]

1. e4 e5 2. Nf3 Nc6 3. Bc4 Bc5 4. c3 Nf6 5. d3 d6 6. 0-0 0-0 7. Bg5 h6 8. Bh4 g5 9. Bg3 Bg4 10. h3 Bh5 11. a4 a6 12. Nbd2 Ba7 13. Qe1 Bg6 14. b4 Nh5 15. Kh1 Kg7 16. b5 axb5 17. axb5 Ne7 18. d4 f6 19. Be6 Kh7 20. Nh2 exd4 21. cxd4 Bxd4 22. Rxa8 Qxa8 23. f4 Bc3 24. Nhf3 gxf4 25. Bh2 Qa5 26. Qb1 Bxd2 0-1